Street Fighter Characters - Statistics

General Stats
  • This quiz has been taken 154 times
  • The average score is 26 of 79
Answer Stats
Game % Correct
Ken
96%
Ryu
96%
Chun-Li
90%
G
83%
M. Bison
82%
Blanka
79%
Guile
78%
Cammy
77%
Zangief
73%
Dhalsim
72%
Akuma
71%
E. Honda
71%
Vega
69%
Sagat
65%
Balrog
62%
Dee Jay
54%
T. Hawk
47%
Juri
46%
Alex
39%
Fei Long
39%
Luke
37%
Gen
34%
Poison
34%
Q
34%
Birdie
33%
Rashid
32%
Abel
31%
Ibuki
31%
Seth
31%
Gill
30%
Gill
30%
Hugo
30%
Adon
29%
Makoto
28%
C. Viper
27%
Dudley
27%
Yang
27%
Yun
27%
El Fuerte
26%
Sean
26%
F.A.N.G
25%
Jamie
25%
Urien
25%
Gouken
24%
Ed
22%
Elena
22%
Necro
22%
Oro
22%
Eagle
21%
Laura
21%
Rufus
21%
Hakan
20%
Remy
20%
A.K.I
19%
Mike
19%
Oni
19%
Abigail
18%
Kimberly
18%
Decapre
17%
Kage
17%
Eleven
16%
Menat
16%
Retsu
16%
Geki
15%
JP
15%
Kolin
15%
Joe
14%
Lee
14%
Marisa
14%
Falke
12%
Lilly
12%
Akira
11%
Violent Ken
11%
Necali
9%
Zeku
9%
Lucia
7%
Shin Akuma
7%
Tweleve
6%
Mimi
2%
No matching quizzes found
Score Distribution
Percent of People with Each Score
Percentile by Number Answered
Your Score History
You have not taken this quiz